Daňové licencie a ich dopad na podnikateľov Slovenska

Gespeichert in:
Bibliographische Detailangaben
1. Verfasser: Kufelová, Iveta, 1970-
Format: Buchkapitel
Sprache:Slowakisch
Englisch
Tags: Tag hinzufügen
Keine Tags, Fügen Sie das erste Tag hinzu!

MARC

LEADER 00000nla a2200000 4500
001 0207820
005 20240523120911.5
041 0 |a slo 
041 0 |a eng 
044 |a SK 
245 1 0 |a Daňové licencie a ich dopad na podnikateľov Slovenska  |c Iveta Kufelová 
500 |a Abstrakt 
100 1 |a Kufelová, Iveta, 1970-